书目信息 |
| 题名: |
数字化潮:数字化与人类未来
|
|
| 作者: | 陈志良 编 | |
| 分册: | ||
| 出版信息: | 北京 科学普及出版社 1999.01 |
|
| 页数: | 308页 | |
| 开本: | 32开 | |
| 丛书名: | ||
| 单 册: | ||
| 中图分类: | ||
| 科图分类: | ||
| 主题词: | 通信理论 | |
| 电子资源: | ||
| ISBN: | 7-110-04548-X | |
| 000 | 00604nam0 2200205 45 | |
| 001 | 9912101568 | |
| 005 | 20001002092131.0 | |
| 010 | @a7-110-04548-X@d18.00元 | |
| 100 | @a19991210d1999 km y0chiy0120 ea | |
| 101 | @achi | |
| 105 | @a z 000yy | |
| 200 | 1 | @a数字化潮:数字化与人类未来@AShu Zi Hua Chao:Shu Zi Hua Yu Ren Lei Wei Lai@f陈志良等编@FChen Zhi Liang Deng Bian |
| 210 | @a北京@c科学普及出版社@d1999.01 | |
| 215 | @a308页@d32开 | |
| 606 | 0 | @a通信理论 |
| 690 | @v3 | |
| 690 | @aTN911.72@v3 | |
| 701 | @a陈志良@4编 | |
| 801 | @aCN@bPFTUser@c19991210 | |
| 905 | @dTN911.72@eCH467@b161179-183@f5 | |
| 数字化潮:数字化与人类未来/陈志良等编.-北京:科学普及出版社,1999.01 |
| 308页;32开 |
| ISBN 7-110-04548-X:18.00元 |
| ● |
| 相关链接 |
|
|
|
正题名:数字化潮:数字化与人类未来
索取号:TN911.72/CH467
 
预约/预借
| 序号 | 登录号 | 条形码 | 馆藏地/架位号 | 状态 | 备注 |
| 1 | 161179 | 201611791 | 自科二线504/504自科库 8排2列3层/ [索取号:TN911.72/CH467] | 在馆 | |
| 2 | 161180 | 201611808 | 自科库301/301自科库 35排2列5层/ [索取号:TN911.72/CH467] | 在馆 | |
| 3 | 161181 | 201611817 | 自科二线504/504自科库 8排2列3层/ [索取号:TN911.72/CH467] | 在馆 | |
| 4 | 161182 | 201611826 | 自科二线504/504自科库 8排2列3层/ [索取号:TN911.72/CH467] | 在馆 | |
| 5 | 161183 | 201611835 | 自科二线504/504自科库 8排2列3层/ [索取号:TN911.72/CH467] | 在馆 |